000 05247nam a22003617a 4500
999 _c354323
_d354323
001 68173
003 UA-OsUOA
005 20200323222640.0
007 ta
008 20100409b un ||||| |||| 00| 0 ukr d
020 _a9789668226762
040 _aUA-OsUOA
_bukr
_cUA-OsUOA
_dUA-OsUOA
041 _aukr
080 _a655.41:330.33.01
090 _a655.41:330.33.01
_bТ35
100 _aТеремко В. І.
245 _aОсновні засади видавничого бізнесу
_bнавчальний посібник
260 _aК.
_bАкадемвидав
_c2009
300 _a136 с.
520 3 _aМомент істини у видавничій справі пов’язаний із вибором чи ігноруванням споживачами видавничого продукту. А книжковий прилавок є полем випробувань фахової спроможності видавця, його здатності мислити категоріями ринку. Один із кроків до опанування так
520 3 _aої ділової культури пов’язаний із заглибленням у проблематику видавничого бізнесу, осмислення основних засад якого викладено у пропонованому виданні. Наступні — «Видавничий маркетинг», «Видавничий менеджмент».Для студентів вищих навчальних закладів,
520 3 _aусіх, хто переймається питанням ефективної видавничої діяльності.Зміст1. Видавничий бізнес як особливий вимір діяльності1.1. Сутність, особливості, суб’єкти та об’єкти видавничого бізнесу1.2. Видавництво як соціально-економічна організація 1
520 3 _a.3. Видавнича продукція (книга) як специфічний товар1.4. Основні тенденції видавничого бізнесу в сучасній Україні2. Економічна специфіка видавничого бізнесу2.1. Видавничий бізнес як елемент ринку2.2. Конкуренція — умова функціонування і розвит
520 3 _aку ринку. Особливість конкуренції у видавничому бізнесі2.3. Вплив дії економічних законів і закономірностей на функціонування суб’єктів видавничого бізнесу2.4. Можливості та обмеження у видавничому бізнесі2.5. Ризики у видавничому бізнесі3. По
520 3 _aтенціал, ресурси та активи у видавничому бізнесі3.1. Основні елементи потенціалу суб’єкта видавничого бізнесу3.2. Нематеріальні ресурси та активи у видавничому бізнесі3.3. Видавнича і підприємницька ідеї як особливі активи у видавничому бізнесі2
520 3 _a4. Започатку-вання та організування видавничого бізнесу4.1. Визначення стратегічного потенціалу і конкурентоспроможності суб’єкта видавничого бізнесу4.2. Вибір організаційної форми і способів здійснення видавничого бізнесу4.3. Бізнес-план як з
520 3 _aасіб обґрунтування і реалізації підприємницької ідеї5. Місія, цілі, стратегія і тактика діяльності суб’єктів видавничого бізнесу5.1. Місія суб’єкта видавничого бізнесу5.2. Мета і цілі суб’єкта видавничого бізнесу5.3. Стратегії суб’єктів видавн
520 3 _aичого бізнесу5.4. Тактика суб’єктів видавничого бізнесу 6. Особистість і фактори успіху у видавничому бізнесі6.1. Особистість — найважливіший чинник у видавничому бізнесі6.2. Психологічні передумови успіху у видавничому бізнесі6.3. Етичні а
520 3 _aспекти видавничого бізнесу6.4. Ділова репутація у видавничому бізнесіКороткий термінологічний словник Література
650 7 _a655 Поліграфічна промисловість. Поліграфічні підприємства. Видавництва. Книжкова торгівля
_2UDC
942 _cBK
_2udc
955 _a2